000 00827cam a2200217 4500
001 ABS60786
008 000000n1999 000 0 eng u
035 _a(Sirsi) u101281
100 _aVivian, J.
245 _aAssignment, disputes and early access.
260 _c1999
490 _aProperty Week
_v64(24) 18 June 1999, 38-39(2)
520 _aThe second in a series of three articles dealing with the question of pre-letting agreements. Discusses assignment of the agreement, disputes which may arise during the construction process, and early access to a property, from the point of view of both the landlord and tenant.
650 _aPRE-LETTING
650 _aASSIGNMENT
650 _aDISPUTES
650 _aCONSTRUCTION PROJECTS
690 _aPROPERTY-LANDLORD AND TENANT
700 _aWhite, G.
942 _n0
999 _c60433
_d60433